1895 1751 1829 1367 1996 1586 1341 1439 1426 1841 1923 1185 1223 1438 1923 1397 1319 1106 1264 1025 1701 1009 1321 1258 1087 1075 1769 1883 1418 1954 1394 1157 1498 1861 1737 1021 1498 1479 1478 1565 1835 1576 1901 1595 1780 1659 1899 1888 1079 1158 1634 1252 1210 1950 1467 1255 1155 1906 1289 1374 1049 1243 1849 1345 1878 1744 1684 1643 1726 1583 1107 1496 1669 1318 1903 1026 1726 1901 1400 1503 1749 1790 1241 1326 1024 1161 1747 1394 1058 1374 1405 1914 1671 1706 1059 1348 1455 1240 1570 BCNSPRNW ULIB Ver.6.0+V

เปลี่ยนเป็นภาษาไทย

Change to English
 แสดงรายละเอียดบรรณานุกรม
  กลับหน้าหลัก

Brief Record : Get Marc (ISO 2709) : E-mail record : QR code < ปิดหน้าต่าง
LEADER : 00000nas 2200000uu 4500
001    13399121277
003     ULIB
008    020711s|||| th a 000 0 tha d
022    08577927
110    วิทยาลัยพยาบาลบรมราชชนนี กรุงเทพ
245    วารสารวิทยาลัยพยาบาลบรมราชชนนี กรุงเทพ/^cวิทยาลัยพยาบาลบรมราชชนนี กรุงเทพ
260    กรุงเทพฯ :^bวิทยาลัยพยาบาลบรมราชชนนี กรุงเทพ,^cม.ป.ป.
310    ^aราย 6 เดือน
850 ^a ULIB^bปีที่ 28 ฉบับที่ 1 ;ปีที่ 31 ฉบับที่ 1 ฉ.1 ;ปีที่ 31 ฉบับที่ 2 ฉ.1 ;ปีที่ 31 ฉบับที่ 3 ฉ.1
945    ^p0^l0^i900864
945    ^p0^l0^i903262
945    ^p0^l0^i903608
945    ^p0^l0^i903877
999    ^aวรรณษา ชูชัยมงคล
รายการนี้ยังไม่มีแท็ก
คุณยังไม่ได้ล็อกอิน คุณสามารถมีกิจกรรมร่วมกับเว็บไซต์ได้ แต่ต้องล็อกอินก่อน ::
  ล็อกอิน

รายการสื่อสารสนเทศ (วารสาร)

ดูแบบ: กล่อง รายการ
ARRIVED
ปีที่ 28 ฉบับที่ 1
สถานที่: ห้องสมุดวิทยาเขตสวรรค์ประชารักษ์ >วารสาร
ARRIVED
ปีที่ 31 ฉบับที่ 1 ฉ.1
สถานที่: ห้องสมุดวิทยาเขตสวรรค์ประชารักษ์ >หนังสือพิมพ์
ARRIVED
ปีที่ 31 ฉบับที่ 2 ฉ.1
สถานที่: ห้องสมุดวิทยาเขตสวรรค์ประชารักษ์ >วารสาร
ARRIVED
ปีที่ 31 ฉบับที่ 3 ฉ.1
สถานที่: ห้องสมุดวิทยาเขตสวรรค์ประชารักษ์ >วารสาร

BibComment


ยังไม่เคยถูกคอมเมนท์

คอมเมนท์ทรัพยากรรายการนี้
  คอมเมนท์: วารสารวิทยาลัยพยา..


 Copyright 2026. Bcnsprnw @Library